000 00361 a2200121 4500
001 ART_2707
005 20260410161709.0
008 260409a
245 1 0 _a¿Stop-and-go o go-and-fail?
100 1 _aAlbrieu, Ramiro
700 1 _aFanelli, José María
773 0 _tDesarrollo económico
_g- Vol. 48, Nº 190/191 (jul./dic. 2008)
_wREV1174
999 _c15925
_d15925